Complete the Movie Title (1948) - Statistics

General Stats
  • This quiz has been taken 40 times
  • The average score is 12 of 25
Answer Stats
Hint Answer % Correct
Oliver _____ Twist
91%
Abbott and Costello Meet _____ Frankenstein
76%
_____ Largo Key
76%
The _____ of the Sierra Madre Treasure
76%
So Dear to My _____ Heart
70%
Sorry, Wrong _____ Number
70%
_____ Apache Fort
67%
Easter _____ Parade
64%
The Red _____ Shoes
61%
Rachel and the _____ Stranger
61%
Brighton _____ Rock
58%
All My _____ Sons
55%
The Fallen _____ Idol
48%
_____ on the High Seas Romance
48%
The Naked _____ City
39%
_____ House Road
39%
Red _____ River
33%
_____ Time Melody
27%
_____ on the Moon Blood
24%
A _____ Is Born Song
24%
_____ and Music Words
24%
_____ of the City Cry
18%
The _____ of the Bells Miracle
18%
The Big _____ Clock
15%
_____ for Peggy Apartment
12%
No matching quizzes found
Score Distribution
Percent of People with Each Score
Percentile by Number Answered
Your Score History
You have not taken this quiz